000
00288nam a22001337a 4500
008
181106b xxu||||| |||| 00| 0 eng d
020
_a
060440031
041
_a
eng
080
_a
321
100
_a
21
101
_a
POL
245
_a
Urban Politics Policy
_c
Rober.L.L
942
_2
udc
_c
BK
999
_c
51946
_d
51946